| 000 | 004510000a22001810004500 | ||
|---|---|---|---|
| 003 | MACL | ||
| 005 | 20151023154021.0 | ||
| 008 | 151023b xxu||||| |||| 00| 0 eng d | ||
| 040 |
_aMACL _cMACL |
||
| 041 | _aEnglish | ||
| 082 | _a954/PRA | ||
| 100 |
_aPrasad, Dr Sunita _916512 |
||
| 245 | _aTribals Role in national Movement | ||
| 260 |
_bKala Prakashan _c2008 _aVaranasi |
||
| 350 | _a500 | ||
| 650 |
_aHistory _916513 |
||
| 942 |
_cBK _k954/PRA _2ddc |
||
| 999 |
_c42706 _d42706 |
||